Inovatívne metódy zberu údajov v marketingovom výskume
Charakterizovanie a konkrétne pomenovanie inovatívnych metód ako takých a zadefinovanie určitých predikcií marketingového výskumu v budúcnosti. Terminológia inovatívnych metód v marketingovom výskume.
Salvato in:
| Autore principale: | |
|---|---|
| Natura: | Capitolo di libro |
| Lingua: | slovacco |
| Soggetti: | |
| Tags: |
Nessun Tag, puoi essere il primo ad aggiungerne!!
|
MARC
| LEADER | 00000nla a2200000 4500 | ||
|---|---|---|---|
| 001 | 0226537 | ||
| 005 | 20240502073728.4 | ||
| 041 | 0 | |a slo | |
| 044 | |a SK | ||
| 245 | 1 | 0 | |a Inovatívne metódy zberu údajov v marketingovom výskume |c Ivan Stračár |
| 520 | |a Charakterizovanie a konkrétne pomenovanie inovatívnych metód ako takých a zadefinovanie určitých predikcií marketingového výskumu v budúcnosti. Terminológia inovatívnych metód v marketingovom výskume. | ||
| 610 | 2 | 0 | |a marketing |
| 610 | 2 | 0 | |a stratégia marketingová |
| 610 | 2 | 0 | |a nástroje marketingové |
| 610 | 2 | 0 | |a výskum marketingový |
| 610 | 2 | 0 | |a rozhodovanie nákupné |
| 610 | 2 | 0 | |a metódy |
| 610 | 2 | 0 | |a inovácia |
| 100 | 1 | |a Stračár, Ivan, 1987- | |